Logo BPK

Biblioteka

Politechniki Koszalińskiej

Fizyka / (Rekord nr 16332)

Szczegóły MARC
000 -ETYKIETA REKORDU
podpole kontrolne o stałej długości 00564nam a2200181 i 4500
001 - NUMER KONTROLNY REKORDU
pole kontrolne bg
040 ## - ŹRÓDŁO KATALOGOWANIA
Instytucja, która utworzyła rekord BPK
041 ## - KOD JĘZYKA
Kod języka tekstu pol
080 ## - UNIWERSALNA KLASYFIKACJA DZIESIĘTNA - UKD
UKD 53
008 - POLE O STAŁEJ DŁUGOŚCI - DANE KONTROLNE
podpole kontrolne o stałej długości s pl f |000 0 pol
100 1# - NAZWA OSOBOWA
Nazwa osobowa Gevorkjan, Ruben. Georgievič.
245 #0 - TYTUŁ/ODPOWIEDZIALNOŚĆ
Tytuł Fizyka /
Pozostałe elementy strefy tytułu i oznaczenia odpowiedzialności R. G. Gevorkjan, V. V. Sepel ; Tłum. [z ros.] Stanisław Dymus.
260 ## - STREFA ADRESU WYDAWNICZEGO
Miejsce wydania Warszawa :
Nazwa wydawcy/dystrybutora Państw. Wydawn. Nauk.,
Data publikacji, dystrybucji/powstania dokumentu 1975.
300 ## - STREFA OPISU FIZYCZNEGO
Objętość s. 658, nlb. 2 :
Inne cechy fizyczne rys., tab., err.
500 ## - UWAGI OGÓLNE
Tekst uwagi [Na k. tyt. aut.] : Gieworkian R. G. , Szepiel.
700 1# - HASŁO DODATKOWE - NAZWA OSOBOWA
Nazwa osobowa Šepe~7l, Vladimir. Vladimirovič.
856 ## - LOKALIZACJA I DOSTĘP DO ELEKTRONICZNYCH DOKUMENTÓW ZDALNYCH
Link (URL) http://koha.tu.koszalin.pl/cgi-bin/koha/opac-detail.pl?biblionumber=16332
Tekst linku Katalog online BPK
942 ## - DODATKOWE ELEMENTY (KOHA)
Typ dokumentu Książka
Egzemplarze
Wycofany Status egzemplarza Uszkodzony Dostępność Lokalizacja stała Lokalizacja bieżąca Miejsce przechowywania Sygnatura Kod kreskowy Typ dokumentu
      Dostępny Biblioteka Politechniki Koszalińskiej Biblioteka Politechniki Koszalińskiej Wypożyczalnia BG 20001 01708448 Książka
© 2023 Biblioteka Politechniki Koszalińskiej :: KOHA